Регионална библиотека "Любен Каравелов" - Русе

Палцова техника за виолончело (Запис номер 349606)

MARC детайли
000 -Лидер
Контролно поле с фиксирана дължина ncm a22 a 4500
003 - Код на организацията, давaща контролен номер
Контролно поле BLK
005 - Дата и час на последна редакция
Контролно поле 20230113125906.0
008 - Елементи от данни с фиксирана дължина
fixed length control field 200326b bu |||||r|||| 00| | bu d
040 ## - Източник на каталожния запис
Идентификатор на билиотеката - собственик на записа BLK
041 ## - Код за език
Код за езика на текст/звукозапис или на отделно заглавие Български
Код за езика КДБФ Български
080 ## - УДК
Текстов определител УДК Инструментална музика
УДК код - определител по УДК 785
УДК - код + определител 785(497.2)
УДК определител (497.2)
100 ## - Редна дума - Автор
Автор Вапорджиев, Кирил
Авторска отговорност първи автор
R(LIN) 1299
139 ## - Редно поле
Редна дума Вапорджиев, Кирил
Авторски знак Вап - В 21
245 ## - Сведения за заглавието
Заглавие Палцова техника за виолончело
Подзаглавни данни Нотирана музика
Редно поле (дума) Кирил Вапорджиев
260 ## - Област на издателските данни
9 (RLIN) 209548
Място на издаване, разпространение и проч. София
Име на издателя, разпространителя и проч. Наука и изкуство
Година на издаване 1972
300 ## - Физическа характеристика
Страници 102 с.
Размери/Мащаб 37 см
380 ## - Жанр
Жанр Изкуство
500 ## - Общи забележки
Забележка 357 тир.
852 ## - Местоположение
Форматна сигнатура М ІІ 6061
856 ## - Електронен адрес и достъп
Инструкция (цена за достъп) 0.00
Права за достъп disable
999 ## - СИСТЕМНИ КОНТРОЛНИ НОМЕРА
Koha biblionumber 349606
Koha biblioitemnumber 349606
942 ## - АРТИКУЛИ
Вид на библиотечния материал Нотни издания
Скрит в OPAC Не
Периодичен библиозапис Да
944 ## - СЪЗДАВАНЕ И РЕДАКЦИЯ на ЗАПИСА
Създаване/Редакция Създаване
Дата на регистрацията/редакция 2020-03-26
Статус, дата на статуса 2020-03-26
999 ## - СИСТЕМНИ КОНТРОЛНИ НОМЕРА
Koha biblioitemnumber 349606
999 ## - СИСТЕМНИ КОНТРОЛНИ НОМЕРА
Koha biblioitemnumber 349606
999 ## - СИСТЕМНИ КОНТРОЛНИ НОМЕРА
Koha biblioitemnumber 349606
999 ## - СИСТЕМНИ КОНТРОЛНИ НОМЕРА
Koha biblioitemnumber 349604
Наличности
Код за отписване Код за изгубен артикул Източник на класификационната схема Код за повреда Коз за рестрикции Код за отдаване Артикулен № Име на библиотеката - собственик Име на библиотеката, в която се намира в момента Статус (Текущо местоположение) Дата на вписване в системата Местоположение - отдел Цена в лева Инвентарен номер Систематично азбучна сигнатура Баркод Цена в евро Служебен тип на артикула
  Не е изгубен Universal Decimal Classification Не е повреден без рестрикции заемане за дома 756808 Регионална библиотека "Любен Каравелов" Русе Регионална библиотека "Любен Каравелов" Русе Отдел Изкуство - подръчен фонд 2020-03-26 Отдел Изкуство - подръчен фонд 1.28 274121 787.3/В 21 К 120000274121 0.65 Нотни издания
  Не е изгубен Universal Decimal Classification Не е повреден без рестрикции заемане за дома 756809 Регионална библиотека "Любен Каравелов" Русе Регионална библиотека "Любен Каравелов" Русе Отдел Изкуство - подръчен фонд 2020-03-26 Отдел Изкуство - подръчен фонд 1.28 129137 787.3/В 21 К 120000129137 0.65 Нотни издания
  Не е изгубен Universal Decimal Classification Не е повреден без рестрикции ползва се в читалня 766434 Регионална библиотека "Любен Каравелов" Русе Регионална библиотека "Любен Каравелов" Русе Хранилище 2020-05-02 Хранилище 1.28 126900 Цб М ІІ 6061 120000126900 0.65 Нотни издания
Vip Innovations Ltd, Rousse, Bulgaria 2025